000 01039nam a2200253Ia 4500
999 _c38638
_d38638
001 4840
003 GE_BSU
005 20190808104251.0
008 181216s2011||||ge |||||||||||||| ||geo||
020 _a9789941028489
040 _cGE_BSU
041 _ageo
080 _a616.314(075.8) მ-23
100 _aმამალაძე, მარინა
_93459
245 _aოპერაციული ოდონტოლოგია ნაწ. 1 /
_cმარინა მამალაძე, ნინო კორსანტია, ლია სანოძე.
264 _aთბილისი :
_bფავორიტი პრინტი ;
_c2011.
300 _a311 გვ. :
_bილ. ;
_c24 სმ.
541 _h105ლ.
653 _aმედიცინა
653 _aოპერაციული ოდონტოლოგია
700 _aკორსანტია, ნინო
_eავტორი
_93460
700 _aსანოძე,ლია
_eავტორი
_93461
942 _cBK
_2udc